书目信息 |
| 题名: |
振动分析基础
|
|
| 作者: | 庄表中 , 黄志强 编著 | |
| 分册: | ||
| 出版信息: | 北京 科学出版社 1985.11 |
|
| 页数: | 220页 | |
| 开本: | 20cm | |
| 丛书名: | ||
| 单 册: | ||
| 中图分类: | TB123 | |
| 科图分类: | ||
| 主题词: | 工程力学 | |
| 电子资源: | ||
| ISBN: | ||
| 000 | 00544nam0 2200193 45 | |
| 001 | 0312221749 | |
| 005 | 20060804152319.04 | |
| 010 | @dCNY1.40 | |
| 100 | @a20031222d1985 km y0chiy0120 ea | |
| 101 | @achi | |
| 200 | 1 | @a振动分析基础@AZhen Dong Fen Xi Ji Chu@f庄表中,黄志强编著@FZhuang Biao Zhong,Huang Zhi Qiang Bian Zhu |
| 210 | @a北京@c科学出版社@d1985.11 | |
| 215 | @a220页@d20cm | |
| 606 | 0 | @a工程力学 |
| 690 | @aTB123@v3 | |
| 701 | 0 | @a庄表中@4编著 |
| 701 | 0 | @a黄志强@4编著 |
| 801 | @aCN@bTSTCL@c20060804 | |
| 905 | @dTB123@e98@f1@b143546 | |
| 振动分析基础/庄表中,黄志强编著.-北京:科学出版社,1985.11 |
| 220页;20cm |
| ISBN :CNY1.40 |
| ● |
| 相关链接 |
|
|
|
|
正题名:振动分析基础
索取号:TB123/98
 
预约/预借
| 序号 | 登录号 | 条形码 | 馆藏地/架位号 | 状态 | 备注 |
| 1 | 0143546 | 001357953 | 密集书库/ [索取号:TB123/98] | 在馆 | |
| 2 | 0143547 | 202452210 | 第二样本阅览室/ [索取号:TB123/98] | 在馆 | |
| 3 | 0451464 | 204514640 | 密集书库/ [索取号:TB123/98] | 在馆 |